<?xml version="1.0" encoding="UTF-8"?>
<record
    xmlns:xsi="http://www.w3.org/2001/XMLSchema-instance"
    xsi:schemaLocation="http://www.loc.gov/MARC21/slim http://www.loc.gov/standards/marcxml/schema/MARC21slim.xsd"
    xmlns="http://www.loc.gov/MARC21/slim">

  <leader>02598njm a2200385Ia 4500</leader>
  <controlfield tag="001">24651</controlfield>
  <controlfield tag="003">IT-RoPAU</controlfield>
  <controlfield tag="005">20220918181112.0</controlfield>
  <controlfield tag="008">131025s9999    xx            000 0 und d</controlfield>
  <datafield tag="040" ind1=" " ind2=" ">
    <subfield code="a">IT-RoPAU</subfield>
  </datafield>
  <datafield tag="040" ind1=" " ind2=" ">
    <subfield code="c">IT-RoPAU</subfield>
  </datafield>
  <datafield tag="999" ind1=" " ind2=" ">
    <subfield code="c">99053</subfield>
    <subfield code="d">99053</subfield>
  </datafield>
  <datafield tag="999" ind1=" " ind2=" ">
    <subfield code="b">n.d.</subfield>
  </datafield>
  <datafield tag="100" ind1=" " ind2=" ">
    <subfield code="a">AA.VV.</subfield>
    <subfield code="9">794</subfield>
  </datafield>
  <datafield tag="100" ind1=" " ind2=" ">
    <subfield code="e">Autore musica</subfield>
    <subfield code="9">11312</subfield>
  </datafield>
  <datafield tag="100" ind1=" " ind2=" ">
    <subfield code="g">Codice autore musica SPICS: 12000</subfield>
    <subfield code="9">796</subfield>
  </datafield>
  <datafield tag="245" ind1=" " ind2=" ">
    <subfield code="a">Classics Up To Date vol. 2</subfield>
  </datafield>
  <datafield tag="250" ind1=" " ind2=" ">
    <subfield code="a">1a ed.</subfield>
  </datafield>
  <datafield tag="260" ind1=" " ind2=" ">
    <subfield code="a">GERMANY</subfield>
  </datafield>
  <datafield tag="260" ind1=" " ind2=" ">
    <subfield code="b">POLYDOR</subfield>
    <subfield code="c">1969 [1a Ed.:1969]</subfield>
  </datafield>
  <datafield tag="300" ind1=" " ind2=" ">
    <subfield code="a">DISCO</subfield>
  </datafield>
  <datafield tag="300" ind1=" " ind2=" ">
    <subfield code="c">40 minuti (Testo:  pag.)</subfield>
  </datafield>
  <datafield tag="500" ind1=" " ind2=" ">
    <subfield code="a">Musica strumentale. Brani di musica classica arrangiati</subfield>
  </datafield>
  <datafield tag="505" ind1=" " ind2=" ">
    <subfield code="a">Elvira Madigan: Theme[ (Andante From concerto n 21 in c major K 467) (4:00)] - Symphony n 7 in a major op 50: Presto (3:00) - Romance For Violin and orchestra in f major op 50 (5:00) - Adagio From Sonata Pathetique N.8 in c minor op 13 (4:00) - Symphony n 5 in c minor op 67: Andante (2:00) - Impromptu n 2 in a flat major op 142 (4:00) - Impromptu n 3 in g flat major op 90 (4:00) - Air From the suite n 3 in d major BWV 1068 (5:00) - Prelude I in c major (4:00) - Ballet Music From "Prince Igor" (3:00) - Andante From the Violin concerto in e minor op 64 (5:00) - Slavonic Dance n 10 (3:00)</subfield>
  </datafield>
  <datafield tag="650" ind1=" " ind2=" ">
    <subfield code="a">ARRANGIAMENTO [DISCHI]</subfield>
    <subfield code="e">Codice MATERIA SPICS: 9950</subfield>
    <subfield code="9">11313</subfield>
  </datafield>
  <datafield tag="700" ind1=" " ind2=" ">
    <subfield code="a">Last James</subfield>
    <subfield code="e">Interprete</subfield>
    <subfield code="g">Codice interprete SPICS: 10976</subfield>
    <subfield code="9">11314</subfield>
  </datafield>
  <datafield tag="700" ind1=" " ind2=" ">
    <subfield code="a">Last James</subfield>
    <subfield code="g">Codice autore SPICS: 10976</subfield>
    <subfield code="e">Autore</subfield>
    <subfield code="9">9404</subfield>
  </datafield>
  <datafield tag="700" ind1=" " ind2=" ">
    <subfield code="a">Mozart Wolfgang Amadeus</subfield>
    <subfield code="g">Codice autore musica SPICS: 3486</subfield>
    <subfield code="e">Autore musica</subfield>
    <subfield code="p">Elvira Madigan: Theme</subfield>
    <subfield code="9">11315</subfield>
  </datafield>
  <datafield tag="700" ind1=" " ind2=" ">
    <subfield code="a">Beethoven Ludwig Van</subfield>
    <subfield code="g">Codice autore musica SPICS: 10721</subfield>
    <subfield code="e">Autore musica</subfield>
    <subfield code="p">Symphony n 7 in a major op 50: Presto - Romance For Violin and orchestra in f major op 50 - Adagio From Sonata Pathetique N.8 in c minor op 13 - Symphony n 5 in c minor op 67: Andante</subfield>
    <subfield code="9">11316</subfield>
  </datafield>
  <datafield tag="700" ind1=" " ind2=" ">
    <subfield code="a">Schubert Franz</subfield>
    <subfield code="g">Codice autore musica SPICS: 10690</subfield>
    <subfield code="e">Autore musica</subfield>
    <subfield code="p">Impromptu n 2 in a flat major op 142 - Impromptu n 3 in g flat major op 90</subfield>
    <subfield code="9">11317</subfield>
  </datafield>
  <datafield tag="700" ind1=" " ind2=" ">
    <subfield code="a">Bach Johann Sebastian</subfield>
    <subfield code="g">Codice autore musica SPICS: 9695</subfield>
    <subfield code="e">Autore musica</subfield>
    <subfield code="p">Air From the suite n 3 in d major BWV 1068 - Prelude I in c major</subfield>
    <subfield code="9">11318</subfield>
  </datafield>
  <datafield tag="700" ind1=" " ind2=" ">
    <subfield code="a">Borodin Alexandr Porfirievic</subfield>
    <subfield code="g">Codice autore musica SPICS: 10770</subfield>
    <subfield code="e">Autore musica</subfield>
    <subfield code="p">Ballet Music From "Prince Igor"</subfield>
    <subfield code="9">11319</subfield>
  </datafield>
  <datafield tag="700" ind1=" " ind2=" ">
    <subfield code="a">Mendelssohn Felix</subfield>
    <subfield code="g">Codice autore musica SPICS: 3873</subfield>
    <subfield code="e">Autore musica</subfield>
    <subfield code="p">Andante From the Violin concerto in e minor op 64</subfield>
    <subfield code="9">11320</subfield>
  </datafield>
  <datafield tag="700" ind1=" " ind2=" ">
    <subfield code="a">Dvorak Antonin</subfield>
    <subfield code="g">Codice autore musica SPICS: 10772</subfield>
    <subfield code="e">Autore musica</subfield>
    <subfield code="p">Slavonic Dance n 10</subfield>
    <subfield code="9">11321</subfield>
  </datafield>
  <datafield tag="942" ind1=" " ind2=" ">
    <subfield code="c">MD</subfield>
    <subfield code="2">ddc</subfield>
  </datafield>
  <datafield tag="952" ind1=" " ind2=" ">
    <subfield code="0">0</subfield>
    <subfield code="1">0</subfield>
    <subfield code="4">0</subfield>
    <subfield code="6">24651_000000000000000</subfield>
    <subfield code="7">1</subfield>
    <subfield code="a">SPICS</subfield>
    <subfield code="b">SPICS</subfield>
    <subfield code="d">2013-10-25</subfield>
    <subfield code="l">0</subfield>
    <subfield code="o">24651</subfield>
    <subfield code="r">2013-10-25 00:00:00</subfield>
    <subfield code="w">2013-10-25</subfield>
    <subfield code="y">MD</subfield>
    <subfield code="z">Progr. Ins.: 5346 / N.Vol.: 1 / Copie: 1 - Copia rara: n.d. / date import: 01.01.2014 - By Epidotti, Trombetti, Vaglietti</subfield>
  </datafield>
</record>
